Die krisis der Europäischen Wissenschaften und Die Transzendentale phänomenologie
Guardat en:
| Autor principal: | |
|---|---|
| Format: | Llibre |
| Idioma: | alemany |
| Publicat: |
La Haya
Martinus Nijhoff
1962
|
| Edició: | 2a. ed |
| Col·lecció: | Husserliana. Gesammelte Werke, 6
|
| Matèries: | |
| Etiquetes: |
Afegir etiqueta
Sense etiquetes, Sigues el primer a etiquetar aquest registre!
|
MARC
| LEADER | 00000nam a2200000 a 4500 | ||
|---|---|---|---|
| 001 | UCZ3380 | ||
| 003 | CL-VaPUC | ||
| 008 | 951020e19620000NE |||||||||||||||||ger|d | ||
| 082 | 0 | 4 | |a 142.7 |b HUS |2 21 |
| 100 | |a Husserl, Edmund |e author |9 197 | ||
| 245 | 1 | 4 | |a Die krisis der Europäischen Wissenschaften und Die Transzendentale phänomenologie |
| 250 | |a 2a. ed | ||
| 300 | |a 557 p | ||
| 942 | |c BK | ||
| 945 | |d 19951020 00:00:00 |a cmena | ||
| 260 | |a La Haya |b Martinus Nijhoff |c 1962 | ||
| 650 | 0 | |a Fenomenología |9 256519 | |
| 650 | 0 | |a Teoría del conocimiento |9 255038 | |
| 650 | 0 | |a Empirismo |9 255037 | |
| 650 | 0 | |a Filosofía alemana |9 265002 | |
| 650 | 0 | |a Filosofía de las ciencias |9 256466 | |
| 650 | 0 | |a Lógica |9 256849 | |
| 650 | 0 | |a Psicología |9 257863 | |
| 583 | |a last modification |c 19951020 00:00:00 |k Rodrigo Vera | ||
| 490 | 0 | |a Husserliana. Gesammelte Werke, 6 | |
| 999 | |c 239861 |d 239859 | ||
| 952 | |0 0 |1 0 |4 0 |6 142_700000000000000_HUS_1962 |7 0 |8 P |9 251308 |a BIBEDU |b BIBEDU |d 2019-11-18 |i 1587072 |o 142.7 HUS 1962 |p 1587072 |r 2025-01-22 |w 2019-11-18 |y BK |k FIL | ||